Intimate moments and other stories / (Record no. 16213)

MARC details
000 -LEADER
fixed length control field 00931 a2200253 4500
005 - DATE AND TIME OF LATEST TRANSACTION
control field 20080924111043.0
008 - FIXED-LENGTH DATA ELEMENTS--GENERAL INFORMATION
fixed length control field 080924t xxu||||| |||| 00| 1aeng d
010 ## - LCCN (DPL NO)
LC control number ENG-91129
020 ## - INTERNATIONAL STANDARD BOOK NUMBER
Terms of availability 195.00
035 ## - SYSTEM CONTROL NUMBER
System control number EN-74662
037 ## - SOURCE OF ACQUISITION
Source of stock number/acquisition DBAD / PUB
040 ## - CATALOGING SOURCE
Original cataloging agency dpl
Language of cataloging English
082 ## - DEWEY DECIMAL CLASSIFICATION NUMBER
Classification number S
100 ## - MAIN ENTRY--PERSONAL NAME
Personal name Balakrishnan, G.S.
245 ## - TITLE STATEMENT
Title Intimate moments and other stories /
Statement of responsibility, etc by G.S. Balakrishnan; translated from the Tamil by G.B. Prabhat
260 ## - PUBLICATION, DISTRIBUTION, ETC. (IMPRINT)
Place of publication, distribution, etc Chennai
Name of publisher, distributor, etc Kriyator
Date of publication, distribution, etc 2008
260 ## - PUBLICATION, DISTRIBUTION, ETC. (IMPRINT)
Place of publication, distribution, etc New Delhi
Name of publisher, distributor, etc EastWest
Date of publication, distribution, etc 2008
270 ## - ADDRESS
Address F-5, Okhla Industrial Area, Phases-I, Mezzanine Floor,
City New Delhi
Postal code 110020
300 ## - PHYSICAL DESCRIPTION
Extent ix, 172p.
Dimensions 23cm. (pbk)
650 ## - SUBJECT ADDED ENTRY--TOPICAL TERM
Source of heading or term Short stories, Tamil
General subdivision Translation into English
700 ## - ADDED ENTRY--PERSONAL NAME
Personal name Prabhat, G.B.
942 ## - ADDED ENTRY ELEMENTS (KOHA)
Institution code [OBSOLETE] dpl
Item type English Books
Source of classification or shelving scheme Dewey Decimal Classification
Call number suffix BAL
Classification part S
Holdings
Withdrawn status Lost status Source of classification or shelving scheme Damaged status Not for loan Collection code Home library Current library Date acquired Cost, normal purchase price Total Checkouts Full call number Barcode Date last seen Copy number Cost, replacement price Koha item type
    Dewey Decimal Classification   Not For Loan Fiction D.B.Act.Division D.B.Act.Division 03/10/2008 195.00   S BAL EN-74662 03/10/2008 1 195.00 English Books

© Delhi Public Library
Hit Counter
free hit counter